| Tag |
First Indicator |
Second Indicator |
Subfields |
| LEADER |
00000cam a22000008a 4500 |
| 001 |
in00000032223 |
| 005 |
20151007060431.0 |
| 008 |
870819s1987 enka b 10110 eng d |
| 010 |
|
|
|a gb 87042343
|
| 015 |
|
|
|a GB87-42343
|
| 020 |
|
|
|a 1850913951 :
|c £45.00 (Sept.)
|
| 035 |
|
|
|a (OCoLC)16802834
|
| 035 |
|
|
|9 AAC0844AM
|
| 040 |
|
|
|a UKM
|c UKM
|d TXA
|d UtOrBLW
|
| 049 |
|
|
|a TXAM
|c [A11688509]
|
| 050 |
1 |
0 |
|a T173.8
|
| 050 |
|
4 |
|a T173.8
|b .N38 1987
|
| 082 |
0 |
|
|a 670.42/7
|2 19
|
| 111 |
2 |
|
|a National Conference on Production Research
|n (3rd :
|d 1987 :
|c University of Nottingham)
|
| 245 |
1 |
0 |
|a Advances in manufacturing technology, 2 :
|b proceedings of the third National Conference on Production Research /
|c edited by Peter F. McGoldrick.
|
| 264 |
|
1 |
|a London :
|b Kogan Page,
|c 1987.
|
| 300 |
|
|
|a 424 pages :
|b illustrations ;
|c 24 cm.
|
| 336 |
|
|
|a text
|b txt
|2 rdacontent
|
| 337 |
|
|
|a unmediated
|b n
|2 rdamedia
|
| 338 |
|
|
|a volume
|b nc
|2 rdacarrier
|
| 500 |
|
|
|a "Organized by the Consortium of Heads of University and Polytechnic Production Engineering Departments (COPED)"
|
| 504 |
|
|
|a Includes bibliographies and index.
|
| 650 |
|
0 |
|a Technological innovations
|v Congresses.
|
| 700 |
1 |
|
|a McGoldrick, Peter F.
|
| 999 |
|
|
|a MARS
|
| 999 |
f |
f |
|s 36f125e4-00a9-31bd-b575-474e179bdc2a
|i f601fe7b-6357-3854-a91c-2644d3e2e01a
|t 0
|
| 952 |
f |
f |
|p ric
|a Texas A&M University
|b Rellis Campus
|c Joint Library Facility
|d Remote Storage
|t 0
|e T173.8 .N38 1987
|h Library of Congress classification
|i unmediated -- volume
|m A14811688509
|
| 998 |
f |
f |
|a T173.8 .N38 1987
|t 0
|l Remote Storage
|